| 000 | 00690nam a2200217Ia 4500 | ||
|---|---|---|---|
| 003 | IN-BaIIA | ||
| 008 | 211028s9999 xx 000 0 eng d | ||
| 020 | _a0-12-368845-9 | ||
| 040 | _cIIA Library | ||
| 080 |
_a063:53 _bENF-46 |
||
| 110 |
_aInternational School of Physics _96891 |
||
| 245 | 0 |
_aPhysics with Intersecting Storage Rings _cedited by B. Touschek |
|
| 260 |
_aNew York _bAcademic Press _c1971 |
||
| 300 | _axiv, 611p. | ||
| 490 | _aProceedings of the international school of physics; course. 46 | ||
| 650 | _aAstronomy and Astrophysics Thesaurus | ||
| 650 |
_aHigh Energy Physics _92205 |
||
| 650 |
_aKinematics _91556 |
||
| 700 |
_aTouschek, B., ed. _96892 |
||
| 942 | _cBK | ||
| 999 |
_c3876 _d3876 |
||